ভারত উপমহাদেশে লোদী বংশধরদের শাসনকালের সংক্ষিপ্ত ইতিহাস / (Record no. 31441)
[ view plain ]
| 000 -LEADER | |
|---|---|
| fixed length control field | 00981nam a22002057a 4500 |
| 003 - CONTROL NUMBER IDENTIFIER | |
| control field | BDDh-ASL |
| 005 - DATE AND TIME OF LATEST TRANSACTION | |
| control field | 20231015031255.0 |
| 008 - FIXED-LENGTH DATA ELEMENTS--GENERAL INFORMATION | |
| fixed length control field | 230328s2007 b ||||| |||| 00| 0 b d |
| 040 ## - CATALOGING SOURCE | |
| Transcribing agency | BDDh-ASL |
| 041 ## - LANGUAGE CODE | |
| Language code of text/sound track or separate title | bengali |
| 082 ## - DEWEY DECIMAL CLASSIFICATION NUMBER | |
| Classification number | 954.54 |
| Item number | LOB |
| 100 1# - MAIN ENTRY--PERSONAL NAME | |
| Personal name | লোহানী, হাবিবুর রহমান খান |
| 9 (RLIN) | 2146 |
| 245 10 - TITLE STATEMENT | |
| Title | ভারত উপমহাদেশে লোদী বংশধরদের শাসনকালের সংক্ষিপ্ত ইতিহাস / |
| 246 ## - VARYING FORM OF TITLE | |
| Title proper/short title | Bharat Upomahadeshe Lodi Bongsodhorder Shashonkaler Songkhipto Itihas. |
| 260 ## - PUBLICATION, DISTRIBUTION, ETC. | |
| Place of publication, distribution, etc. | নেত্রকোনা: |
| Name of publisher, distributor, etc. | শিরিন সুলতানা খান, |
| Date of publication, distribution, etc. | ২০০৭। |
| 300 ## - PHYSICAL DESCRIPTION | |
| Extent | ৮০ পৃষ্ঠা: |
| Dimensions | ২২ সে.মি. |
| 650 #0 - SUBJECT ADDED ENTRY--TOPICAL TERM | |
| Topical term or geographic name entry element | History (ইতিহাস) |
| 9 (RLIN) | 4586 |
| 650 #0 - SUBJECT ADDED ENTRY--TOPICAL TERM | |
| Topical term or geographic name entry element | History of India (ভারতের ইতিহাস), India Subcontinent ভারত উপমহাদেশ |
| 9 (RLIN) | 6214 |
| 942 ## - ADDED ENTRY ELEMENTS (KOHA) | |
| Source of classification or shelving scheme | Dewey Decimal Classification |
| Koha item type | Books |
| Withdrawn status | Lost status | Source of classification or shelving scheme | Damaged status | Not for loan | Collection code | Home library | Current library | Shelving location | Date acquired | Source of acquisition | Total Checkouts | Full call number | Barcode | Date last seen | Copy number | Price effective from | Koha item type | Public note |
|---|---|---|---|---|---|---|---|---|---|---|---|---|---|---|---|---|---|---|
| Dewey Decimal Classification | Non-fiction | Asiatic Society Library | Asiatic Society Library | General Stacks | 03/28/2023 | ASB Library Collection | 954.54 LOB | 120107 | 03/28/2023 | C-1 | 03/28/2023 | Books | Y-2007 |